000 00887nam a2200277 i 4500
003 EG-GICUC
005 20260126184254.0
008 260126s1934 -usaob|fr|||| 001 0 eng d
040 _aEG-GiCUC
_beng
_cEG-GiCUC
_dEG-GiCUC
_erda
041 0 _aeng
082 0 4 _221
_a341.9
_bNO . E
092 0 4 _221
099 _aLaw1 12 341.9 NO . E 1934
100 1 _aNoyes, Arthur H
_eAuthor.
245 0 4 _aEurope Its History And Its World Relationships 1789-1933 /
_cBy Arthur H. Noyes, Ph.
264 1 _aBoston :
_bD. C. Heath And Company,
_c1934.
300 _a698 pages :
_billustrations,
_c24 cm
336 _2rda content
_atext
337 _2rda media
_aComputer
338 _2rda carrier
_aOnline Resource
546 _aText in English
650 1 4 _aPrivate international law
856 4 0 _uhttps://fll.law.cu.edu.eg/fulltext/bks/B12-02037.pdf
905 _a48
942 _2ddc
_cBK
_e21
_n0
999 _c59517
_d59517